00355nam a2200121Ia 4500008004100000245009600041260001800137260000900155300000800164500001000172650001300182856003800195170516s9999 xx 000 0 und d aVenetoclax (ABT-199) Might Act as a Perpetrator in Pharmacokinetic Drug–Drug Interactions bPharmaceutics c2016 a8:1 aMarch xPharmacy uhttp://www.mdpi.com/1999-4923/8/1